000 01057nam a2200265Ia 4500
003 OSt
005 20221005103246.0
006 a|||||r|||| 00| 0
007 ta
008 221004b |||||||| |||| 00| 0 hin d
020 _a9789380044811 (hbk)
_cIndian Rupees 340
024 _a28564
037 _bGift, 14/02/2017,
_cTextual
040 _aCRL
_cCRL
_bhin
041 _2hin
_ahin
082 _aP.2'P, 152Q1
100 _aशर्मा, हर्ड्ढबाला, संपा.
245 0 _aइक्कीसवीं सदी औपनिवेशिक मानसिकता और भाड्ढा
246 _aIkkīsavīan sadī aupaniveshik mānasikatā aur bhāḍḍhā
260 _aगाजियाबाद
_bअंतिका प्रकाशन भारत
_c2011
300 _a192पृ0
_ccm.
650 _aहिन्दी भाषा
942 _hP.2'P, 152Q1
_cTEXL
_2cc
999 _c1009719
_d1009719